00523nam a2200193Ii 450000100060000000300090000600800410001502000150005604000330007104100080010408200160011210000190012824500510014726400380019830000120023633600260024833700280027433800270030220303CO-ViMGA241108s9999||||xx |||||||||||||| ||und|| a8475093175 aCO-ViMGAbspaerdacCO-ViMGA0 aspa04a791.43 D24i1 aGilles Deleuze10aLa imagen-movimiento :bestudios sobre cine. 1 1aMadrid, España : Paidós, 1984 avolumen atextbtxt2rdacontent aunmediatedbn2rdamedia avolumebnc2rdacarrier